1333 1569 1865 1122 1830 1709 1589 1122 1687 1803 1456 1907 1646 1394 1904 1374 1768 1063 1037 1859 1682 1531 1803 1204 1561 1734 1748 1776 1894 1296 1808 1033 1613 1206 1282 1517 1632 1234 1702 1924 1445 1280 1297 1586 1225 1988 1552 1608 1117 1815 1880 1364 1380 1946 1036 1344 1527 1675 1680 1014 1143 1937 1022 1861 1358 1540 1007 1749 1502 1470 1565 1020 1439 1916 1957 1022 1933 1796 1504 1095 1332 1100 1539 1728 1545 1579 1011 1200 1295 1569 1045 1352 1552 1934 1804 1919 1664 1475 1869 BCNSPRNW ULIB Ver.6.0+V

เปลี่ยนเป็นภาษาไทย

Change to English
 แสดงรายละเอียดบรรณานุกรม
  กลับหน้าหลัก

Brief Record : Get Marc (ISO 2709) : E-mail record : QR code < ปิดหน้าต่าง
LEADER : 00000nam 2200000uu 4500
001    13399127164
003     ULIB
008    191018s2562||||th 000 0 tha d
020 ^- ^a9786160036073
050 ^- ^aนว.^bบ895อ^cล.2
100 ^- ^aแบมแบม.
245 10 ^aอาณาจักรพระอาทิตย์ เล่ม 1- 2 (SETTING SUN) /^cแบมแบม.
250 ^- ^aพิมพ์ครั้งที่ 1.
260 ^- ^aปทุมธานี :^bDeep,^c2562
300 ^- ^a301 หน้า.
945    ^p325^l0^i006350
999    ^aประนอม เกษจรัล
รายการนี้ยังไม่มีแท็ก
คุณยังไม่ได้ล็อกอิน คุณสามารถมีกิจกรรมร่วมกับเว็บไซต์ได้ แต่ต้องล็อกอินก่อน ::
  ล็อกอิน

รายการสื่อสารสนเทศ

ลำดับที่ ประเภท เลขเรียก/บาร์โค้ด สถานที่ สถานะ
1. นวนิยาย
นวนิยาย
นว. บ895อ ล.2 ฉ.1 
  Barcode: 006350
ห้องสมุดวิทยาเขตนครสวรรค์
►นวนิยาย:l:Fiction
บนชั้น

รายการใกล้เคียง
    ผู้แต่ง [แบมแบม.]

BibComment


ยังไม่เคยถูกคอมเมนท์

คอมเมนท์ทรัพยากรรายการนี้
  คอมเมนท์: อาณาจักรพระอาทิต..


 Copyright 2026. Bcnsprnw @Library